Young children continue to reinvent arithmetic : 2nd grade
Αποθηκεύτηκε σε:
| Κύριος συγγραφέας: | |
|---|---|
| Μορφή: | Βιβλίο |
| Γλώσσα: | English |
| Δημοσίευση: |
New York :
Teachers College Press,
1989
|
| Σειρά: | Early childhood education series
|
| Θέματα: | |
| Ετικέτες: |
Προσθήκη ετικέτας
Δεν υπάρχουν, Καταχωρήστε ετικέτα πρώτοι!
|
MARC
| LEADER | 00000nam a2200000 i 4500 | ||
|---|---|---|---|
| 001 | 1/98906 | ||
| 008 | 000125s1989 eng d | ||
| 020 | |a 0-8077-2957-4 | ||
| 035 | |l 10056682 | ||
| 040 | |a GR-MY-UA |b gre |e aacr | ||
| 041 | 0 | |a eng | |
| 082 | 0 | |a 362.7 | |
| 100 | 1 | |a Kamii, Constance. | |
| 245 | 1 | 0 | |a Young children continue to reinvent arithmetic : |b 2nd grade / |c Constance Kamii with Linda Leslie Joseph |
| 260 | |a New York : |b Teachers College Press, |c 1989 | ||
| 300 | |a 205 p. | ||
| 490 | 1 | |a Early childhood education serie | |
| 600 | 1 | 0 | |a Piaget Jean |d 1896-1980. |
| 650 | 0 | 0 | |a Arithmetic |x Study and teaching (Elementary) |
| 650 | 0 | 0 | |a Number concept |x Study and teaching (Elementary) |
| 830 | 0 | |a Early childhood education series | |
| 852 | |a INST |b RHODES |e 20000125 |h 372.7 KAM |p 005400013326 |q 005400013326 |t BK |y 0 | ||
| 901 | |a BIBL4-2000-1 | ||
| 909 | |a Ρ |b 073123 | ||
| 922 | |a 4ΕΛΗ |b 199912 |c ΚΠΣ/154 |d GLORY BOOKS | ||
| 970 | |a ΚΟΥΛΑΚΙΟΤΗ |b ΛΙΤΣΑ |z 2000/01/25 | ||